000 00942 a2200205 4500
003 Nust
005 20230221084247.0
020 _a0071263284
040 _cNust
082 _a515.921,BRO
100 _aBrown, James Ward
_98852
245 _aComplex Variables and Applications /
_cJames Ward Brown and Ruel V. Churchill
250 _a7th ed.
260 _aNew York
_bMcGraw-Hill
_c2004
300 _a458 p.
505 _aComplex Numbers (Page-1), Analytic Functions (Page-33), Elementary Functions (Page-87), Integrals (Page-111), Series (Page-175), Residues and Poles (Page-221), Applications of Residues (Page-251), Mapping by Elementary Functions (Page-299), Conformal Mapping (Page-343), Applications of Conformal Mapping (Page-361), The Schwarz-Chistoffel Transformation (Page-391), Integral Formulas of the Poisson Type (Page-417).
650 _aComplex variables
_978761
700 _aChurchill, Ruel V.
_98853
942 _2ddc
_cBK
999 _c182034
_d182034